书目信息 |
| 题名: |
孤子引论
|
|
| 作者: | 陈登远 编著 | |
| 分册: | ||
| 出版信息: | 北京 科学出版社 2006 |
|
| 页数: | 12, 307页 | |
| 开本: | 24cm | |
| 丛书名: | 大学数学科学丛书 | |
| 单 册: | ||
| 中图分类: | O572.3 | |
| 科图分类: | ||
| 主题词: | 孤立子--研究 , 孤立子 | |
| 电子资源: | ||
| ISBN: | 7-03-016467-9 | |
| 000 | 00900oam2 2200265 450 | |
| 001 | 0709000134 | |
| 005 | 20070531130942.51 | |
| 010 | @a7-03-016467-9@dCNY38.00 | |
| 100 | @a20060925d2006 ekmy0chiy0120 ea | |
| 101 | 0 | @achi |
| 102 | @aCN@b110000 | |
| 105 | @ac z 001yy | |
| 200 | 1 | @a孤子引论@Agu zi yin lun@f陈登远编著 |
| 210 | @a北京@c科学出版社@d2006 | |
| 215 | @a12, 307页@c肖像@d24cm | |
| 225 | 2 | @a大学数学科学丛书@v11 |
| 300 | @a上海市研究生教育专项经费资助教材 | |
| 330 | @a本书结合物理与几何的背景,以Lax可积为主线,系统论述孤子系统的共同性质,其中包括等谱流与非等谱流,无穷守恒律与Hamilton结构等,全面介绍近年发展起来的求非线性波动方程多孤子解决的方法。 | |
| 461 | 0 | @12001 @a大学数学科学丛书@v11 |
| 606 | 0 | @a孤立子@x研究 |
| 606 | 0 | @a孤立子 |
| 690 | @aO572.3@v4 | |
| 701 | 0 | @a陈登远@Achen deng yuan@4编著 |
| 801 | 0 | @aCN@bTAOJIN@c20070531 |
| 905 | @a10447@dO572.3@e24 | |
| 孤子引论/陈登远编著.-北京:科学出版社,2006 |
| 12, 307页:肖像;24cm.-(大学数学科学丛书;11) |
| 上海市研究生教育专项经费资助教材 |
| ISBN 7-03-016467-9:CNY38.00 |
| 本书结合物理与几何的背景,以Lax可积为主线,系统论述孤子系统的共同性质,其中包括等谱流与非等谱流,无穷守恒律与Hamilton结构等,全面介绍近年发展起来的求非线性波动方程多孤子解决的方法。 |
| ● |
| 相关链接 |
|
|
|
|
正题名:孤子引论
索取号:O572.3/24
 
预约/预借
| 序号 | 登录号 | 条形码 | 馆藏地/架位号 | 状态 | 备注 |
| 1 | 0523985 | 205239856 | 第二样本阅览室/ [索取号:O572.3/24] | 在馆 | |
| 2 | 0523986 | 205239865 | 第三借阅区/ [索取号:O572.3/24] | 在馆 | |
| 3 | 0523987 | 205239874 | 第三借阅区/ [索取号:O572.3/24] | 在馆 |